Genshin Impact - Personnages Dendro - Statistiques

Statistiques générales
  • Ce quiz a été pris 64 fois
    17 depuis la dernière actualisation
  • Le résultat moyen est 9 sur 11
Answers on the Grid
Answers color-coded by a green-red scale on the quiz's grid according to % correct below.
Aino
Albedo
Alhaitham
Aloy
Amber
Arataki Itto
Arlecchino
Baizhu
Barbara
Beidou
Bennett
Candace
Charlotte
Chasca
Chevreuse
Chiori
Chongyun
Citlali
Clorinde
Collei
Cyno
Dahlia
Dehya
Diluc
Diona
Dori
Émilie
Escoffier
Eula
Faruzan
Fischl
Flins
Fréminet
Furina
Gaming
Ganyu
Gorou
Hu Tao
Iansan
Ifa
Ineffa
Jean
Kachina
Kaedehara Kazuha
Kaeya
Kamisato Ayaka
Kamisato Ayato
Kaveh
Keqing
Kinich
Kirara
Klee
Kujou Sara
Kuki Shinobu
Lan Yan
Lauma
Layla
Lisa
Lynette
Lyney
Mavuika
Mika
Mona
Mualani
Nahida
Navia
Neuvillette
Nilou
Ningguang
Noëlle
Nomade
Ororon
Qiqi
Razor
Rosalia
Sangonomiya Kokomi
Sayu
Sethos
Shenhe
Shikanoin Heizou
Shogun Raiden
Sigewinne
Skirk
Sucrose
Tartaglia
Thomas
Tighnari
Varesa
Venti
Wriothesley
Xiangling
Xianyun
Xiao
Xilonen
Xingqiu
Xinyan
Yae Miko
Yanfei
Yaoyao
Yelan
Yoimiya
Yumemizuki Mizuki
Yun Jin
Zhongli
 
Statistiques - réponses
Réponse % Correct
Alhaitham
92%
Baizhu
92%
Kaveh
92%
Collei
85%
Kirara
85%
Lauma
85%
Nahida
85%
Tighnari
85%
Émilie
77%
Kinich
77%
Yaoyao
77%
Aucun quiz correspondant
Distribution des résultats
% des personnes avec chaque résultat
Percentile par nombre de réponses
Votre historique - résultats
Vous n’avez pas pris ce quiz depuis la dernière actualisation